000
00307nam a2200133Ia 4500
008
240109s9999 xx 000 0 und d
041
_a
eng
082
_a
330
100
_a
Henson Robert
245
_a
Climate Changed
260
_b
Penguin Books India Pvt Ltd
300
_a
341
650
_a
Management
999
_c
1033333
_d
1033333